H2O character quiz - Statistics

General Stats
  • This quiz has been taken 100 times
  • The average score is 12 of 16
Answer Stats
Picture Answer % Correct
cleo
100%
emma
99%
bella
96%
rikki
96%
lewis
94%
charlotte
91%
zane
87%
will
78%
elliot
74%
kim
73%
nate
72%
miriam
65%
byron
60%
sophie
51%
tiffany
41%
mrs chatham
35%
No matching quizzes found
Score Distribution
Percent of People with Each Score
Percentile by Number Answered
Your Score History
You have not taken this quiz